Dictámen presentado a la Sociedad Económica Matritense, por la Comisión especial que ha examinado los trabajos artísticos ejecutados por el Sr. D. Fausto Muñoz, como productos de su establecimiento cromo-litográfico de la ciudad de Málaga (Record no. 169992)
[ view plain ]
| 000 -LEADER | |
|---|---|
| campo de control de longitud fija | 00926nam a2200181 i 4500 |
| 001 - NÚMERO DE CONTROL | |
| campo de control | 169992 |
| 003 - IDENTIFICADOR DE NÚMERO DE CONTROL | |
| campo de control | ES-MaACL |
| 005 - FECHA Y HORA DE LA ÚLTIMA TRANSACCIÓN | |
| campo de control | 20230906214248.0 |
| 008 - DATOS DE LONGITUD FIJA--INFORMACIÓN GENERAL | |
| campo de control de longitud fija | 090108s1874 sp |||| | spa d |
| 245 00 - MENCIÓN DEL TÍTULO | |
| Título | Dictámen presentado a la Sociedad Económica Matritense, por la Comisión especial que ha examinado los trabajos artísticos ejecutados por el Sr. D. Fausto Muñoz, como productos de su establecimiento cromo-litográfico de la ciudad de Málaga |
| Resto del título | : aprobado... por la Corporación en sesión de 21 de marzo de 1874. |
| 260 ## - PUBLICACIÓN, DISTRIBUCIÓN, ETC. | |
| Lugar de publicación, distribución, etc. | Madrid : |
| Nombre del editor, distribuidor, etc. | [s.n., |
| Fecha de publicación, distribución, etc. | 1874] ( |
| Lugar de fabricación/manufactura | Málaga : |
| Fabricante | Imp. de F. Carreras e hijos) |
| 300 ## - DESCRIPCIÓN FÍSICA | |
| Extensión | 16, [2] p., [1] h. de lám. ; |
| Dimensiones | 21 cm. |
| 597 ## - NOTA DE DESCRIPCIÓN FÍSICA | |
| NOTA DE DESCRIPCIÓN FÍSICA | Reprod. carta de Eduardo Rosales a Fausto Muñoz: [2] p. finales. |
| 600 14 - PUNTO DE ACCESO ADICIONAL DE MATERIA--NOMBRE DE PERSONA | |
| Nombre de persona | Muñoz, Fausto. |
| 9 (RLIN) | 139170 |
| 710 2# - ENTRADA AGREGADA--NOMBRE DE ENTIDAD CORPORATIVA | |
| Nombre de entidad corporativa o nombre de jurisdicción como elemento de entrada | Real Sociedad Económica Matritense de Amigos del País. |
| 9 (RLIN) | 6389 |
| 852 ## - LOCALIZACIÓN | |
| Ubicación | ES-MaACL |
| Número de control de estantería | T-342-F-8 |
| 852 ## - LOCALIZACIÓN | |
| Ubicación | ES-MaACL |
| Número de control de estantería | T-169-F-2 |
| Estatus retirado | Estado de pérdida | Estado de daño | No para préstamo | Colección | Biblioteca de origen | Biblioteca actual | Ubicación en estantería | Fecha de adquisición | Fuente de adquisición | Total de préstamos | Signatura topográfica completa | Código de barras | Visto por última vez | Precio de reemplazo | Tipo de ítem Koha |
|---|---|---|---|---|---|---|---|---|---|---|---|---|---|---|---|
| Colección de folletos | Biblioteca del Ateneo de Madrid | Biblioteca del Ateneo de Madrid | Depósito folletos | 08/01/2009 | T-342-F-8 | 1178479 | 23/02/2023 | 23/02/2023 | Folleto | ||||||
| Colección de folletos | Biblioteca del Ateneo de Madrid | Biblioteca del Ateneo de Madrid | Depósito folletos | 27/03/2012 | T-169-F-2 | 1189139 | 23/02/2023 | 23/02/2023 | Folleto |
